Periodismo y poder polt̕ico Liderazgo y opinin̤ pb︢lica en la construccin̤ de la Unin̤ Europea

Detalles Bibliográficos
Autor principal: Lp̤ez, Elizabeth
Formato: eBook
Lenguaje:español
Publicado: Madrid : Dykinson, 2012
Materias:
Acceso en línea:http://www.vlex.com/source/6982

MARC

LEADER 00000nam a22000007a 4500
005 20130221153354.0
007 cr|||| ||||
008 130221e2012 sp |||||s|||| 00||0 spa d
020 |a 978-84-9031-234-6 
035 |a 6982 
040 |a vLex 
090 |c 3695  |d 3695 
100 1 0 |a Lp̤ez, Elizabeth  
245 1 0 |a Periodismo y poder polt̕ico  |b Liderazgo y opinin̤ pb︢lica en la construccin̤ de la Unin̤ Europea  |h [Recurso electrn̤ico] 
256 |a Servicio en ln̕ea 
260 |a Madrid :  |b Dykinson,   |c 2012  
300 |a 1 Recurso electrn̤ico 
650 0 4 |a Medios de comunicacin̤ 
650 0 4 |a Ciencia polt̕ica 
740 |a vLex Libros (Servicio en ln̕ea) 
856 |a Acceso restringido  |u http://www.vlex.com/source/6982 
942 |c BOOK 
999 0 |a Mass media